000 00932pam a2200301 a 4500
008 971229s1998 inu b 001 0 eng
010 _a 97042536
020 _a0941532240 (paperback : alk. paper)
040 _aDLC
_cDLC
_dDLC
041 1 _aeng
_hfre
050 0 0 _aBP161.2
_b.S313 1998
082 0 0 _a297
_221
092 0 4 _a210
_bS393
_221
099 _a04
_a210 S393
100 1 _aSchuon, Frithjof,
_d1907-1998.
240 1 0 _aComprendre l'Islam.
_lEnglish
245 1 0 _aUnderstanding Islam /
_cFrithjof Schuon ; with a foreword by Annemarie Schimmel.
260 _aBloomington, Ind. :
_bWorld Wisdom Books,
_cc1998.
300 _aix, 204 p. ;
_c21 cm.
504 _aIncludes bibliographical references and index.
650 0 _aIslam.
650 0 _aSufism.
902 _a1
905 _aEman
_eRev.
905 _aJamal
_eCat.
942 _2ddc
_cBK
999 _c120945
_d120945